| 000 | 00509nab a2200145Ia 4500 | ||
|---|---|---|---|
| 003 | ES-SlBCS | ||
| 005 | 20210601141250.0 | ||
| 008 | 140529s2000 xxu||||| |||| 00| 0 spa d | ||
| 041 | _aspa | ||
| 100 | 1 |
_aFilho, Geraldo Inácio _9209104 |
|
| 245 | 0 | 0 |
_aAs academias militares na República Brasileira: un estudo de educaçao política _c Geraldo Inácio Filho |
| 651 | 4 |
_aBrasil-Academias Militares _9253848 |
|
| 773 | 0 |
_tEducaçao e Filosofia _gvol. 14, nº. 27-28, 2000, págs. 127-144 _wRev1534 |
|
| 942 | _cAR | ||
| 999 |
_c657932 _d657932 |
||